E-Learning Fundamentals (Record no. 94286)
[ view plain ]
| 000 -LEADER | |
|---|---|
| fixed length control field | 00601nam a2200229Ia 4500 |
| 005 - DATE AND TIME OF LATEST TRANSACTION | |
| control field | 20230316173318.0 |
| 008 - FIXED-LENGTH DATA ELEMENTS--GENERAL INFORMATION | |
| fixed length control field | 230125s9999 xx 000 0 und d |
| 020 ## - INTERNATIONAL STANDARD BOOK NUMBER | |
| International Standard Book Number | 9788130932521 |
| 041 ## - LANGUAGE CODE | |
| Language code of text/sound track or separate title | eng |
| 082 ## - DEWEY DECIMAL CLASSIFICATION NUMBER | |
| Classification number | 004.69 |
| Item number | ELK |
| 100 ## - MAIN ENTRY--PERSONAL NAME | |
| Author | Elkins D |
| 245 ## - TITLE STATEMENT | |
| Title | E-Learning Fundamentals |
| Remainder of title | A Practical Guide |
| 250 ## - EDITION STATEMENT | |
| Edition statement | Ed. 1st |
| 260 ## - PUBLICATION, DISTRIBUTION, ETC. | |
| Date of publication, distribution, etc. | 2017 |
| Name of publisher, distributor, etc. | Viva Books |
| Place of publication, distribution, etc. | New Delhi |
| 300 ## - PHYSICAL DESCRIPTION | |
| Extent | 165p |
| 500 ## - GENERAL NOTE | |
| Keywords | Internet;E-learning |
| 650 ## - SUBJECT ADDED ENTRY--TOPICAL TERM | |
| Topical term or geographic name entry element | Internet;E-learning |
| 700 ## - ADDED ENTRY--PERSONAL NAME | |
| Personal name | Elkins D & Pinder D |
| 942 ## - ADDED ENTRY ELEMENTS (KOHA) | |
| Koha item type | Books |
| 906 ## - LOCAL DATA ELEMENT F, LDF (RLIN) | |
| b | 153.45 |
| Withdrawn status | Lost status | Damaged status | Not for loan | Home library | Current library | Date acquired | Vendor | Net Price | Bill number | Total Checkouts | Full call number | Barcode | Date last seen | Actual Price | Bill Date | Koha item type | Original Barcode | Date last checked out |
|---|---|---|---|---|---|---|---|---|---|---|---|---|---|---|---|---|---|---|
| Smt. Hiraben Nanavati Institute of Management & Research for Women | Smt. Hiraben Nanavati Institute of Management & Research for Women | 05/12/2016 | Suyog Enterprises | 495.00 | SE/SI/3555 | 004.69 ELK B14549 | HIMR-BK-14549 | 25/01/2023 | 341.55 | 02/12/2016 | Books | B14549 | ||||||
| Smt. Hiraben Nanavati Institute of Management & Research for Women | Smt. Hiraben Nanavati Institute of Management & Research for Women | 05/12/2016 | Suyog Enterprises | 495.00 | SE/SI/3555 | 004.69 ELK B14546 | HIMR-BK-14546 | 25/01/2023 | 341.55 | 02/12/2016 | Books | B14546 | ||||||
| Smt. Hiraben Nanavati Institute of Management & Research for Women | Smt. Hiraben Nanavati Institute of Management & Research for Women | 05/12/2016 | Suyog Enterprises | 495.00 | SE/SI/3555 | 004.69 ELK B14547 | HIMR-BK-14547 | 25/01/2023 | 341.55 | 02/12/2016 | Books | B14547 | ||||||
| Smt. Hiraben Nanavati Institute of Management & Research for Women | Smt. Hiraben Nanavati Institute of Management & Research for Women | 05/12/2016 | Suyog Enterprises | 495.00 | SE/SI/3555 | 004.69 ELK B14548 | HIMR-BK-14548 | 25/01/2023 | 341.55 | 02/12/2016 | Books | B14548 | ||||||
| Smt. Hiraben Nanavati Institute of Management & Research for Women | Smt. Hiraben Nanavati Institute of Management & Research for Women | 05/12/2016 | Suyog Enterprises | 495.00 | SE/SI/3555 | 1 | 004.69 ELK B14550 | HIMR-BK-14550 | 03/11/2023 | 341.55 | 02/12/2016 | Books | B14550 | 31/05/2023 |